000 07235 a2200769 4500
020 _a978-0-470-64613-7
020 _a978-0-470-64613-7
082 _a620.0042
090 _c1716
_d1716
100 1 _aKreyszig, Erwin.
245 1 0 _aAdvanced engineering mathematics /
_cErwin Kreyszig.
250 _a10th ed.
260 _a[S.l.] :
_bWiley,
_c2011.
300 _a1280 p. ;
_c26 cm.
500 _aNUST Press
942 _aSNS
_cBK
_k620.0042 KRE
999 _c30324
_d30324